Fragmenty hodnotového obrazu Ruska v súčasných slovenských médiách

Hľadanie a objektivizovanie hodnotového obrazu Ruska v súčasnosti. Jazykové kódy, oživené či nové výrazy, ktoré potvrdzujú trvalú politickú logiku. Sociálno-komunikačné funkčnosti a ich hodnotový potenciál. Etnokultúrne rusizmy.

Gespeichert in:
Bibliographische Detailangaben
1. Verfasser: Sipko, Jozef
Format: Buchkapitel
Sprache:Slowakisch
Schlagworte:
Tags: Tag hinzufügen
Keine Tags, Fügen Sie das erste Tag hinzu!

MARC

LEADER 00000naa$a2200000$$$4500
001 0223900
005 20221019163352.2
041 0 |a slo 
044 |a SK 
245 1 0 |a Fragmenty hodnotového obrazu Ruska v súčasných slovenských médiách  |c Jozef Sipko 
520 |a Hľadanie a objektivizovanie hodnotového obrazu Ruska v súčasnosti. Jazykové kódy, oživené či nové výrazy, ktoré potvrdzujú trvalú politickú logiku. Sociálno-komunikačné funkčnosti a ich hodnotový potenciál. Etnokultúrne rusizmy. 
610 2 0 |a komunikácia masmediálna 
610 2 0 |a komunikácia interkultúrna 
610 2 0 |a kompetencie komunikačné 
610 2 0 |a Rusko 
610 2 0 |a ruština 
610 2 0 |a politika 
610 2 0 |a logika 
610 2 0 |a prejavy 
100 1 |a Sipko, Jozef